000 00431nam a2200169Ia 4500
003 STCL
008 181203s9999 xx 000 0 und d
020 _a9788173815171
040 _aSTCL
_bEN
_cSTCL
082 _222
100 _aBiswas, Suddhendu
245 0 _aStochastic Processes in Demography and Applications
260 _bNew Central Book Agency
_aKolkata
_c2006
300 _a276
546 _aEnglish
942 _2ddc
_cBK
999 _c85845
_d85845